000 03602nas a22003135i 4500
001 3091-4566
003 DE-He213
005 20260304140737.0
007 cr nn 008mamaa
008 160929s||||||||sz uu poo|||||| b|EN |d
022 _a3091-4566
024 7 _a41781
_2local
210 1 0 _aEPJ Res. Infrastruct.
245 1 0 _aEPJ Research Infrastructures
_h[electronic resource] /
_cedited by Beatrice Kioko, Johannes Gutleber, Volker Beckmann, Markus Elsing, Günter Quast.
264 1 _aCham :
_bSpringer International Publishing :
_bImprint: Springer.
300 _bonline resource.
520 _aResearch in both fundamental and applied sciences is increasingly organized around research infrastructures—whether on Earth or in space—through virtual research networks with shared resources or via major facilities and instruments. This research is typically conducted through substantial collaborative efforts involving numerous scientists, professionals, and supporting organizations. These collaborations bring together expertise from across all fields of science and technology, supported by a wide range of administrative bodies and services. EPJ Research Infrastructures is a peer-reviewed, open-access journal dedicated to addressing the most pressing challenges facing current and future research infrastructures. Topics of interest include, but are not limited to: •Data: Management, FAIR principles, repositories, federated architectures •Computing: Software, middleware, distributed workflows; frameworks and heterogeneous computing; AI regulations; hardware and IT equipment •Socioeconomics: Socioeconomic impact assessments and project appraisals; evaluation methodologies; social license to operate; externalities and environmental impact; long-term planning and risk management •Innovation & Scientific Excellence: Knowledge creation and transfer, including spin-offs, start-ups •Services and Partnerships: industrial R&D, collaboration with or co-development as technology infrastructures •Sustainability: Contributions to the Sustainable Development Goals (SDGs), particularly energy efficiency, circular economy, and functional architectures •Science Policy & Diplomacy: Including dual-use considerations, science communication, outreach, and participatory science •Governance & Management: Including initiatives for future research infrastructures, concept development and implementation studies The journal welcomes a wide range of contributions—including research articles, reviews, white papers, roadmaps, case studies, technical and progress reports, as well as discussion and opinion pieces. Submissions are invited from all users and staff of research infrastructures, members of related administrative or funding organizations, and scholars studying research infrastructures as a field. .
650 0 _aNuclear physics.
650 1 4 _aNuclear and Particle Physics.
_94987
700 1 _aKioko, Beatrice.
_eeditor.
_4edt
_4http://id.loc.gov/vocabulary/relators/edt
_924249
700 1 _aGutleber, Johannes.
_eeditor.
_4edt
_4http://id.loc.gov/vocabulary/relators/edt
_917135
700 1 _aBeckmann, Volker.
_eeditor.
_4edt
_4http://id.loc.gov/vocabulary/relators/edt
_916028
700 1 _aElsing, Markus.
_eeditor.
_4edt
_4http://id.loc.gov/vocabulary/relators/edt
_916029
700 1 _aQuast, Günter.
_eeditor.
_4edt
_4http://id.loc.gov/vocabulary/relators/edt
_916030
710 2 _aSpringerLink (Online service)
776 0 8 _iPrinted version:
_x3091-4558
856 4 0 _uhttp://link.springer.com/journal/41781
_zOpen Access
999 _c579964
_d579964